Ein Fundament zum Gebäude der Wissenschaften Einhundert Jahre Ostwalds Klassiker der exakten Wissenschaften (1889-1989) : von Lothar Dunsch ; mit einer Bibliographie der Reihe zusgest. von Hella Müller

Bibliographic Details
Main Author: Dunsch, Lothar (Author)
Format: Book
Language:German
PhysicalDescription:160 s. 8°
Published: Leipzig Akademische Verlagsgesellschaft Geest und Portig K.-G. 1989
ISBN:3321000350
Series:Ostwalds Klassiker der exakten Wissenschaften

MARC

LEADER 00000nam a2200000 a 4500
001 vtls001378353
003 SK-MaSNL
005 20260301071113.0
008 251113s1989 DE 0 ger
020 |a 3321000350 
035 |a SNK000332317 
040 |a SNK  |b slo  |c SNK  |e AACR2 
041 0 |a ger 
044 |a DE 
100 1 |a Dunsch, Lothar  |4 aut  |9 388369 
245 1 |a Ein Fundament zum Gebäude der Wissenschaften  |b Einhundert Jahre Ostwalds Klassiker der exakten Wissenschaften (1889-1989) : von Lothar Dunsch ; mit einer Bibliographie der Reihe zusgest. von Hella Müller 
260 |a Leipzig  |b Akademische Verlagsgesellschaft Geest und Portig K.-G.  |c 1989 
300 |a 160 s.  |c 8° 
490 1 |a Ostwalds Klassiker der exakten Wissenschaften  |v Sonderband 
830 0 |a Ostwalds Klassiker der exakten Wissenschaften  |9 388370 
919 |a 3-321-00035-0 
958 |a RK 
958 |a OND 
999 |c 636615  |d 638545 
952 |t P60, <04>, [BOOK], {604}  |a SNK  |b SNK  |y VYP  |7 0  |o snkID 89783  |i snkV 3623/89  |0 0  |1 0  |4 0  |d 1999-12-01  |l 0  |r 2005-01-02 00:00:00  |w 2026-02-23